| 000 | 02335cam a22005414i 4500 | ||
|---|---|---|---|
| 003 | PE-LiUPU | ||
| 005 | 20250731173419.0 | ||
| 008 | 150706s2010 flu rb 000 0 spa d | ||
| 020 | _a9780829753530 | ||
| 035 | _a(Sirsi) i9780829753530 | ||
| 040 |
_aPE-LiUPU _bspa _cPE-LiUPU _erda |
||
| 049 | _aPRUA | ||
| 082 | 0 | 4 |
_a231.8 _bW92 _221 |
| 100 | 1 |
_aWright, Christopher J. H., _d1947- , _eautor. |
|
| 245 | 1 | 3 |
_aEl Dios que no entiendo : _breflexiones y preguntas difíciles acerca de la fe / _c Christopher J.H. Wright ; prólogo por John R. W. Stott. |
| 264 | 1 |
_aFlorida : _bEditorial Vida, _c2010. |
|
| 300 |
_a247 páginas ; _c23 centímetros |
||
| 336 |
_atext _2rdacontent |
||
| 337 |
_aunmediated _2rdamedia |
||
| 338 |
_avolume _2rdacarrier |
||
| 500 | _aOriginalmente publicado en inglés bajo el título The God I don't understand. | ||
| 504 | _aIncluye referencias bibliográficas al fin de cada capítulo. | ||
| 505 | 0 | _a¿Qué del mal y el sufrimiento? -- El misterio del mal -- La ofensa del mal -- La derrota del mal -- ¿Qué de los cananeos? -- Los cananeos: tres callejones sin salida -- Los cananeos: tres marcos de interpretación -- ¿Qué de la cruz? -- La cruz: ¿por qué y qué? -- La cruz: ¿cómo? -- La cruz según las escrituras -- ¿Qué del fin del mundo? -- Extravagancias y controversias -- El gran clímax -- El nuevo comienzo. | |
| 526 | _aSEG42 | ||
| 526 | _aSEG41 | ||
| 526 | _aSEG40 | ||
| 526 | _aSEG39 | ||
| 526 | _aP94 | ||
| 526 | _aP87 | ||
| 526 | _aP86 | ||
| 526 | _aP85 | ||
| 526 | _aP77 | ||
| 526 | _aP76 | ||
| 526 | _aP35 | ||
| 541 | _g001-0000583; | ||
| 650 | 0 | 4 |
_aSufrimiento _xCristianismo. |
| 650 | 0 | 4 | _aBien y mal. |
| 650 | 0 | 4 | _aTeodicea. |
| 650 | 0 | 4 |
_aFe. _93098 |
| 700 | 1 |
_aStott, John R. W., _eprol. |
|
| 710 | 2 |
_aRojas & Rojas, _editores |
|
| 910 | _agl20120608 | ||
| 942 |
_2ddc _cBOOK |
||
| 949 |
_a231.8 W92 _wDEWEY _c1 _i64907 _lCCODEBUL1 _mBUL _p14.00 _r0 _sY _tBOOK _u2015-7-6 _xTEOLOGIA _PP35 _o.STAFF. Colección Teología |
||
| 994 |
_aC0 _bPEPRU |
||
| 596 | _a1 | ||
| 999 |
_a231.8 W92 _wDEWEY _c53616 _i64907 _d53616 _e2016-10-19 _f2021-11-9 _g5 _lCCODEBUL1 _mBUL _n1 _p14.00 _r0 _sY _tBOOK _u2015-7-6 _xTEOLOGIA _PP35 _0COMPRA _o.STAFF. Colección Teología |
||
| 980 |
_81 _gALBERTO SANCHEZ Responsable de Automatización |
||